| 000 | 01405nam a22002177a 4500 | ||
|---|---|---|---|
| 001 | 702 | ||
| 005 | 20240229075708.0 | ||
| 020 | _a0631202951 (acidfree paper) | ||
| 020 | _a063120296X (pbk. : acidfree paper) | ||
| 040 |
_aDLC _cDLC _dDLC _beng |
||
| 050 | 0 | 0 |
_aCC72 _b.J65 1999 |
| 082 | 0 | 0 |
_a930.1/01 _221 |
| 100 | 1 |
_aJohnson, Matthew _d1962- |
|
| 245 | 1 | 0 |
_aArchaeological theory : _ban introduction / _cMatthew Johnson. |
| 260 |
_aOxford, UK ; _aMalden, Mass. : _bBlackwell Publishers, _c1999. |
||
| 300 |
_a239 pages : _billustrations, _c24 cm. |
||
| 520 | _aArchaeological Theory, 2nd Edition is the most current and comprehensive introduction to the field available. Thoroughly revised and updated, this engaging text offers students an ideal entry point to the major concepts and ongoing debates in archaeological research. New edition of a popular introductory text that explores the increasing diversity of approaches to archaeological theory Features more extended coverage of 'traditional' or culture-historical archaeology Examines theory across the English-speaking world and beyond Offers greatly expanded coverage of evolutionary theory, divided into sociocultural and Darwinist approaches Includes an expanded glossary, bibliography, and useful suggestions for further readings | ||
| 650 | 0 |
_aArchaeology _xPhilosophy. |
|
| 906 |
_a7 _bcbc _corignew _d1 _eocip _f19 _gy-gencatlg |
||
| 942 |
_2ddc _cBK _n0 |
||
| 999 |
_c702 _d702 |
||